00329nam a2200121Ia 4500008004100000100002000041245006300061260003700124300000900161650001200170942000800182999001700190190216s9999||||xx |||||||||||||| ||und|| aStalin Malhotra 0aMultiple Choice Questions In Physics For Competative Exams bTata Mcgrawhill Publishersc1992 a288p aPhysics cREF c36202d36202